Statistics for 1M Cities Starting with Z

Click here to take the quiz!

General Stats

  • This quiz has been taken 166 times
  • The average score is 3 of 9

Answer Stats

CityCountry% Correct
ZurichSwitzerland
97%
ZhengzhouChina
70%
ZiboChina
45%
ZhuzhouChina
28%
ZhuhaiChina
22%
ZhangjiakouChina
12%
ZhanjiangChina
10%
ZunyiChina
10%
ZhenjiangChina
9%

Score Distribution

Percentile by Number Answered

Percent of People with Each Score

Your Score History

You have not taken this quiz